مكتبة جامعة عجلون الوطنية

فهرس بحث المكتبة

Normal view MARC view
  • الدليمي، عباس فاضل

Entry Personal Name

Number of records used in: 1

001 - CONTROL NUMBER

  • control field: 61564

003 - CONTROL NUMBER IDENTIFIER

  • control field: JO-AjAnu

005 - DATE AND TIME OF LATEST TRANSACTION

  • control field: 20230606084047.0

008 - FIXED-LENGTH DATA ELEMENTS

  • fixed length control field: 230606|| aca||aabn | a|a d

040 ## - CATALOGING SOURCE

  • Original cataloging agency: JO-AjAnu
  • Transcribing agency: JO-AjAnu

100 ## - HEADING--PERSONAL NAME

  • Personal name: الدليمي، عباس فاضل

670 ## - SOURCE DATA FOUND

  • Source citation: Work cat.: (JO-AjAnu)31402: الدليمي، عباس فاضل, author, الموسوعة الميسرة في حقوق الانسان: الحق في التنمية، ج12